Sebuah persahabatan (Record no. 71520)

MARC details
000 -LEADER
fixed length control field 00730nam a2200265 i 4500
001 - CONTROL NUMBER
control field C2-0260750
003 - CONTROL NUMBER IDENTIFIER
control field PPAK
005 - DATE AND TIME OF LATEST TRANSACTION
control field 20180727230407.0
008 - FIXED-LENGTH DATA ELEMENTS--GENERAL INFORMATION
fixed length control field 041028s2003 my |||| ||||| | may d
020 ## - INTERNATIONAL STANDARD BOOK NUMBER
International Standard Book Number 9830572897
040 ## - CATALOGING SOURCE
Original cataloging agency PPAK
Language of cataloging eng
Transcribing agency PPAK
Description conventions rda
082 04 - DEWEY DECIMAL CLASSIFICATION NUMBER
Classification number 899.233
Edition number 23
090 00 - LOCALLY ASSIGNED LC-TYPE CALL NUMBER (OCLC); LOCAL CALL NUMBER (RLIN)
Classification number (OCLC) (R) ; Classification number, CALL (RLIN) (NR) 899.233
Feature heading MOH
Feature heading K
100 0# - MAIN ENTRY--PERSONAL NAME
Personal name Mohd Khusairi Ahmad,
Relator term author
245 10 - TITLE STATEMENT
Title Sebuah persahabatan
264 #1 - PRODUCTION, PUBLICATION, DISTRIBUTION, MANUFACTURE, AND COPYRIGHT NOTICE
Place of production, publication, distribution, manufacture Kuala Lumpur :
Name of producer, publisher, distributor, manufacturer Goodmark Enterprise ,
Date of production, publication, distribution, manufacture, or copyright notice [2003]
300 ## - PHYSICAL DESCRIPTION
Extent 101 pages ;
Dimensions 19 cm
336 ## - CONTENT TYPE
Source rdacontent
Content type term text
337 ## - MEDIA TYPE
Source rdamedia
Media type term unmediated
338 ## - CARRIER TYPE
Source rdacarrier
Carrier type term volume
490 1# - SERIES STATEMENT
Series statement Siri novel moral citra
650 10 - SUBJECT ADDED ENTRY--TOPICAL TERM
Topical term or geographic name entry element Children's stories, Malay
830 #0 - SERIES ADDED ENTRY--UNIFORM TITLE
Uniform title Siri novel moral citra
942 ## - ADDED ENTRY ELEMENTS (KOHA)
-- dc
Koha item type Book
Holdings
Withdrawn Not for loan Current library Shelving location Date acquired Total Checkouts Full call number Barcode Date last seen Date last checked out Koha item type
    Perpustakaan Kulim Pinjaman Kanak-kanak 28/10/2004 2 K 899.233 MOH A01071387 17/04/2021 22/03/2021 Book
    Perpustakaan Kulim Pinjaman Kanak-kanak 28/10/2004 1 K 899.233 MOH A01071388 31/01/2022 28/12/2021 Book